Career development and systems theory: (Record no. 19470)
[ view plain ]
| 000 -LEADER | |
|---|---|
| fixed length control field | 00513nam a22001817a 4500 |
| 008 - FIXED-LENGTH DATA ELEMENTS--GENERAL INFORMATION | |
| fixed length control field | 220831b |||||||| |||| 00| 0 eng d |
| 020 ## - INTERNATIONAL STANDARD BOOK NUMBER | |
| International Standard Book Number | 9004466197 |
| 050 ## - LIBRARY OF CONGRESS CALL NUMBER | |
| Classification number | HF5581 |
| Item number | .P38 2021 C.1 |
| 100 ## - MAIN ENTRY--PERSONAL NAME | |
| Personal name | Patton, Wendy |
| 245 ## - TITLE STATEMENT | |
| Title | Career development and systems theory: |
| Remainder of title | Connecting theory and practice/ |
| Statement of responsibility, etc. | Wendy patton |
| 250 ## - EDITION STATEMENT | |
| Edition statement | 4th ed. |
| 260 ## - PUBLICATION, DISTRIBUTION, ETC. (IMPRINT) | |
| Place of publication, distribution, etc. | Boston |
| Name of publisher, distributor, etc. | Brill |
| Date of publication, distribution, etc. | 2021 |
| 300 ## - PHYSICAL DESCRIPTION | |
| Extent | xv, 730p. |
| 650 ## - SUBJECT ADDED ENTRY--TOPICAL TERM | |
| Topical term or geographic name as entry element | Career development |
| 650 ## - SUBJECT ADDED ENTRY--TOPICAL TERM | |
| Topical term or geographic name as entry element | Vocational guide |
| 700 ## - ADDED ENTRY--PERSONAL NAME | |
| Personal name | Mcmahon, Mary |
| 942 ## - ADDED ENTRY ELEMENTS (KOHA) | |
| Source of classification or shelving scheme | Library of Congress Classification |
| Koha item type | General Collection |
| Withdrawn status | Lost status | Source of classification or shelving scheme | Not for loan | Home library | Current library | Date acquired | Cost, normal purchase price | Inventory number | Total Checkouts | Full call number | Barcode | Date last seen | Copy number | Price effective from | Koha item type |
|---|---|---|---|---|---|---|---|---|---|---|---|---|---|---|---|
| Library of Congress Classification | Kabarak, Main Campus | Kabarak, Main Campus | 31/08/2022 | 8051.00 | 0808/2022 | HF5581 .P38 2021 C.1 | 032402 | 02/08/2024 | C.1 | 31/08/2022 | General Collection |